| 000 | 00388nam a2200133 a 4500 | ||
|---|---|---|---|
| 001 | 5240 | ||
| 003 | CDMR | ||
| 005 | 20130116135306.0 | ||
| 008 | 130130s2005||||||||||||||||||||||||||||d | ||
| 040 |
_aCDMR _bcat _cCDMR |
||
| 245 | 0 |
_aMiraes 2005 _bExposición de la Asociación Profesional de Fotoperiodistas Asturianos _cMIRAES |
|
| 260 |
_c2005 _bGobierno del Principado de Asturias |
||
| 942 | _cMON | ||
| 999 |
_c5240 _d5240 |
||